| 000 | 01378cam a2200289 i 4500 | ||
|---|---|---|---|
| 999 |
_c118124 _d118124 |
||
| 003 | BJBSDDR | ||
| 005 | 20230411090859.0 | ||
| 007 | ta | ||
| 008 | 111122s2018 dr 000 0dspa | ||
| 041 | _aspa | ||
| 050 | 1 | 4 |
_aTFM IGlobal _bDAE 2018 147 |
| 100 | 1 | _aSantana Pérez, María Cristina | |
| 245 | 1 | 0 |
_aAnálisis sobre la creación de incentivos de parte del Estado Dominicano que permita a las empresas dominicanas a cumplir con los lineamientos internacionales y locales para combatir el cambio climático y sus efectos / _cMaría Cristina Santana Pérez ; asesora, Frinette Padilla. |
| 260 |
_aSanto Domingo : _bInstituto Global de Altos Estudios en Ciencias Sociales : _bUniversidad de Salamanca, _c2018. |
||
| 300 |
_a85 hojas ; _c28 cm. + _eCD Rom. |
||
| 502 | _aTesis (Maestría en Derecho de la Administración del Estado). --Instituto Global de Altos Estudios en Ciencias Sociales, Santo Domingo, 2018. | ||
| 504 | _aIncluye bibliografía | ||
| 505 | _aCambio climático -- Acuerdo de París -- Acuerdo de París en República Dominicana y la región. | ||
| 650 | 4 |
_aCambios climáticos _zRepública Dominicana |
|
| 650 | 4 | _aRecursos financieros | |
| 650 | 4 | _aPlanes de desarrollo | |
| 650 | 4 |
_aEmpresas _xAcuerdos |
|
| 700 | 1 |
_aPadilla, Frinette _926211 _easesora |
|
| 710 | 2 | _aUniversidad de Salamanca | |
| 942 |
_2lcc _cTS |
||
| 946 | _aYH | ||